| 000 | nam a22 a 4500 | ||
|---|---|---|---|
| 999 |
_c1653 _d1653 |
||
| 005 | 20170511120341.0 | ||
| 008 | 170511s1989 enk | 001 | eng d | ||
| 020 | _a0813305241 | ||
| 040 | _aAKMAL | ||
| 082 | _a330.9 WEI | ||
| 090 |
_a330.9 _bWEI |
||
| 245 | 0 | 0 |
_aPoverty amidst plenty : _bworld political economy and distributive justice _cedited by Edward Weisband. |
| 260 |
_a Boulder, Colo. ; London _b Westview Press _c 1989. |
||
| 300 |
_a xiv,270p. ; _c24cm |
||
| 650 | 0 |
_a Economic history _y 1945- _93369 |
|
| 650 | 0 |
_aDistributive justice. _93370 |
|
| 650 | 0 |
_a Poor. _93371 |
|
| 700 | 1 |
_aWeisband, Edward. _93372 |
|
| 852 | 4 | 1 |
_aBritish Library _bDSC |
| 852 | 4 | 1 |
_aBritish Library _b HMNTS |
| 942 |
_2ddc _cBOOK |
||